Black revolt in the 80s /
In this edition of Tony Brown's Journal, Tony Brown looks at Black activism and militancy.
| Other Authors: | , , |
|---|---|
| Format: | Video |
| Language: | English |
| Language Notes: | This edition in English. |
| Published: |
New York :
Tony Brown Productions Incorporated,
1981.
|
| Series: | Black studies in video
Tony Brown's Journal |
| Subjects: | |
| Online Access: | Connect to this streaming video (Alexander Street Press) |
MARC
| Tag | First Indicator | Second Indicator | Subfields |
|---|---|---|---|
| LEADER | 00000cgm a22000003a 4500 | ||
| 001 | in00003750121 | ||
| 006 | m|||||o||c|||||||| | ||
| 007 | cr |za|||||||a | ||
| 007 | vz |zazu| | ||
| 008 | 140328s1981 nyu023 g o vleng d | ||
| 005 | 20260324205609.2 | ||
| 035 | |a (OCoLC)881547431 | ||
| 035 | |a ASP2128467/blsv | ||
| 040 | |a VaAlASP |c VaAlASP |d UtOrBLW | ||
| 245 | 0 | 0 | |a Black revolt in the 80s / |c by Mick Colgan. |
| 264 | 1 | |a New York : |b Tony Brown Productions Incorporated, |c 1981. | |
| 300 | |a 1 online resource (23 min.). | ||
| 306 | |a 002256 | ||
| 336 | |a two-dimensional moving image |b tdi |2 rdacontent | ||
| 337 | |a computer |b c |2 rdamedia | ||
| 337 | |a video |b v |2 rdamedia | ||
| 338 | |a online resource |b cr |2 rdacarrier | ||
| 338 | |a other |b vz |2 rdacarrier | ||
| 490 | 0 | |a Black studies in video | |
| 490 | 0 | |a Tony Brown's Journal | |
| 500 | |a Title from resource description page (viewed March 28, 2014). | ||
| 520 | |a In this edition of Tony Brown's Journal, Tony Brown looks at Black activism and militancy. | ||
| 530 | |a Previously released as DVD. | ||
| 546 | |a This edition in English. | ||
| 500 | |a Electronic resource. | ||
| 650 | 0 | |a African Americans |x Civil rights. |0 http://id.loc.gov/authorities/subjects/sh85001935 | |
| 651 | 0 | |a United States |x Race relations. |0 http://id.loc.gov/authorities/subjects/sh85140494 | |
| 655 | 7 | |a Internet videos. |2 lcgft |0 http://id.loc.gov/authorities/genreForms/gf2011026337 | |
| 655 | 7 | |a Documentary films. |2 lcgft |0 http://id.loc.gov/authorities/genreForms/gf2011026205 | |
| 700 | 1 | |a Colgan, Mick, |e director. | |
| 700 | 1 | |a Brisbane, Robert H. |q (Robert Hughes), |d 1913-1998, |e interviewee. |0 http://id.loc.gov/authorities/names/no2010060542 | |
| 700 | 1 | |a Parker, Sheryl J., |e producer. | |
| 700 | 1 | |a Brown, Tony |c (Journalist), |e interviewer. |0 http://id.loc.gov/authorities/names/no96063716 | |
| 856 | 4 | 0 | |u http://proxy.library.tamu.edu/login?url=https://www.aspresolver.com/aspresolver.asp?BLSV;2128467 |z Connect to this streaming video (Alexander Street Press) |t 0 |
| 999 | f | f | |s f0ad2fbe-5114-38e3-b360-26aef6b2ca1e |i d076e3ec-dc32-3761-8b47-1203a7002336 |t 0 |
| 952 | f | f | |a Texas A&M University |b College Station |c Electronic Resources |s www_evans |d Available Online |t 0 |h No information provided |
| 998 | f | f | |t 0 |l Available Online |